000 00457nam a22001457a 4500
008 151104b xxu||||| |||| 00| 0 eng d
050 _aPC2410.S9
100 _aSumpf, Joseph
_920966
245 _aIntroduction a' la stylistique du francais
_c/by Joseph Sumpf
260 _aParis
_bLibrarie larousse
_c1971
300 _a187p.
_c21cm.
440 _aSciences humaines et sociales
_920967
650 _aFrench language
_xStyle
_920968
942 _2lcc
_cMONOGRAPH
999 _c123749
_d123749